000 00420nam a2200169Ia 4500
003 GCL
008 140319s9999 xx 000 0 eng d
040 _aGCL /
_cGCL
082 0 4 _a843
_bC T
100 1 _aCONNONLLY, CYRIL
245 1 0 _aLE TOMBEAU DE PALINURE /
_cCONNONLLY, CYRIL
260 _a[S.N] :
_bFAXRAD ،
_c1990
300 _a219 P
650 0 4 _aLITERATURE
650 0 4 _aFRENCH LITERATURE
942 _2ddc
_cBK
999 _c22348
_d22348